000 01284cam a2200337 i 4500
001 9661
003 Mx-PuUPA
005 20260427104426.0
008 140415s2009 xx a gr 001 0 eng d
020 _a9781599662718
040 _aMx-PuUPA
_bspa
_cMx-PuUPA
_dMx-PuUPA
_erda
041 0 _aeng
100 1 _aVerne, Jules,
_d1828-1905
_95413
245 1 3 _aAround the world in eighty days /
_cJules Verne ; retold by Pieter Koster
264 1 _a[lugar de publicación no identificado] :
_bCompass Publishing,
_c©2009
300 _a95 páginas :
_bilustraciones (a color) ;
_c21 cm
336 _2rdacontent
_atexto
_btxt
337 _2rdamedia
_asin medio
_bn
338 _2rdacarrier
_avolumen
_bnc
490 0 _aCompass classic readers
521 0 _aLevel 4
_a1150 family words per reader
_a3000 family words per level
600 1 4 _aFogg, Phileas (Personaje ficticio)
_vNovela
650 7 _2armarc
_aHistorias de aventuras
650 7 _2armarc
_aViajes alrededor del mundo
_vNovela
650 7 _2armarc
_aInglés
_xLibros de lectura
_xHablantes no nativos
650 7 _2armarc
_aInglés
_xLibros de lectura
_xEstudiantes
_xFacilidad de lectura
700 1 _aKoster, Pieter,
_eeditor
942 _2ddc
_cLI
_h428.24
_iV47
999 _c9661
_d9661